00645 2200217 4500245008100000020001800081250001100099100001800110700002200128700001000150700001600160650001700176005001900193260004200212041001400254084001300268300003400281500009200315336000900407338001100416 aKieli b : The Deceased Asleep In The Wasteland Vol. 1cKabei, YukakohText a9786022107439 aCet. 1 aKabei, Yukako aTeshirogi, Shiori aNanda aDenis Agung aKomik Jepang a20230131083650 aJakartabGramedia Pustaka Utamac2012 aIndonesia a741.5592 a... jil. :bilus. ;c17,5 cm. aJudul asli : Kieli Shishatachi Wa Koya Ni Nemeru Vol. 1Diterjemahkan dari bahasa Jepang atext avolume